lego batman EXTREME TRIVIA - Statistics

General Stats
  • This quiz has been taken 47 times
  • The average score is 7 of 26
Answer Stats
Hint
Answer % Correct
1 what does batman have nine of? abs
86%
6 how many best friends? 2
75%
16 who used statistics and compassion to clean up blüdhaven? barbara gordon
56%
10 what does batman call his computer? computer
56%
9 batmans password to get into the bat cave? iron man sucks
56%
25 who figured out batman lives in bruce waynes basement? joker
56%
22 what does robin refer to batman as? padre
53%
7 name of the royal villain who relished ketching up? condiment king
50%
13 according to batman what is he most afraid of snake clowns
44%
21 what is the double secret super password for batmans computer? alfred da buttler
36%
11 what is batmans favorite meal? lobster thermidor
33%
24 what did half the police force get turned into fish
28%
20 what was the name of the laundry service outside of arkham asylum phantoms own laundry services
22%
8 what does batman not do? ships
17%
17 name of the talking brick that worked at the phantom zone? phyllis
14%
14 whos retirement party did batman go to against his will jim gordons
11%
15 what is batmans favorite thing? tuxedo dress up party
11%
26 batman pumps iron until his chest is positively what? sick
8%
19 what does batman have a phd in? smoke bombs
8%
23 how many years had the justice league been celebrating at the fortress of solitude when batman shows up? 57
6%
12 what tom cruise movie does batman watch jerry maguire
6%
2 name of the airlines transporting dangerous goods in the opening scene? mcguffin airlines
6%
5 how many cute little classic bomb type-bombs? 150
3%
18 what did the joker bring to the phantom zone to help explain his "plan" a powerpoint
3%
3 how many sticks of dynamite were on the plane above? 11000000
0%
4 how many pounds of C-4? 17000
0%
No matching quizzes found
Score Distribution
Percent of People with Each Score
Percentile by Number Answered
Your Score History
You have not taken this quiz